| 000 | 00404nam a22001457a 4500 | ||
|---|---|---|---|
| 003 | MACL | ||
| 005 | 20170625124656.0 | ||
| 008 | 170625b xxu||||| |||| 00| 0 eng d | ||
| 040 | _c MACL | ||
| 100 |
_aSingh, Rahul _967859 |
||
| 245 | _aGlobal Environmental Issues Causes, Impact and Remedies | ||
| 260 |
_aAllahabad _bAradhana Publication _c2016 |
||
| 650 |
_aEnvironment _967860 |
||
| 942 |
_2ddc _cBK |
||
| 999 |
_c56657 _d56657 |
||